00281nam a2200109 a 4500008004100000050001500041100002900056245001900085260004100104300001700145350000900162120416s1964 ||||||||||||||||| || u aDA 554 Lon aLongford, Elizabeth H. P10aVictoria R. I. aLondonbWeidenfeld & Nicholsonc1964 a635p. : ill. a0.00